Tvorba API pre online prístup k Python orientovaným výpočtovým prostrediam

Guardado en:
Detalles Bibliográficos
Autor principal: Gačko, Michal (Autor)
Otros Autores: Žáková, Katarína (Orientador)
Formato: Manuscrito Libro
Lenguaje:eslovaco
Publicado: 2017
Materias:
Acceso en línea:http://is.stuba.sk/zp/portal_zp.pl?podrobnosti=119960
Etiquetas: Agregar Etiqueta
Sin Etiquetas, Sea el primero en etiquetar este registro!

MARC

LEADER 00000ntm a22000003a 4500
001 stuzp55054
003 SK-STU
005 20170627101813.9
007 ta
008 150427s2015----xo-----f-mn---000-0-slo-d
040 |a STU  |b slo 
041 0 |a slo 
044 |a xo 
100 1 |a Gačko, Michal  |u 035000  |4 aut  |U FEI Fakulta elektrotechniky a informatiky  |T FEI Ústav informatiky a matematiky  |X 43091  |U E050  |Y 816  |7 A000043091 
242 0 1 |a API for online access to Python oriented computational environments  |y eng 
245 1 0 |a Tvorba API pre online prístup k Python orientovaným výpočtovým prostrediam 
260 |c 2017 
300 |a 49 s., príl.,  |b CD-ROM 
650 4 |a Numpy  |2 slo 
650 4 |a Scipy  |2 slo 
650 4 |a Python  |2 slo 
650 4 |a Matplotlib  |2 slo 
650 4 |a Matplotlib  |2 eng 
650 4 |a Numpy  |2 eng 
650 4 |a Python  |2 eng 
650 4 |a Scipy  |2 eng 
700 1 |a Žáková, Katarína  |u 030400  |k Z1  |4 ths  |U FEI Fakulta elektrotechniky a informatiky  |T FEI Ústav automobilovej mechatroniky  |X 4948  |U E400  |Y 642  |7 A000004948 
856 4 |u http://is.stuba.sk/zp/portal_zp.pl?podrobnosti=119960 
996 |b 284EP11629  |c E*DIPL- 11629  |l EE35  |s P  |a 0  |w stuzp55054_0001